| 000 | 00495nam a2200181 4500 | ||
|---|---|---|---|
| 005 | 20240402122321.0 | ||
| 010 | _aENG-139995 | ||
| 020 |
_a9789356523142 _c295.00 |
||
| 035 | _aEN-123527 | ||
| 037 | _bDBAD | ||
| 082 | _a881 | ||
| 100 |
_aDavis, Emer _964162 |
||
| 245 |
_aOptics / _cby Emer Davis |
||
| 260 |
_aChandigarh _bAbhishek Publications _c2023 |
||
| 270 |
_aSCO 57-59 , Sector 17-C , _bChandigarh _e17 |
||
| 300 |
_a75p. _c22cm(Pb) |
||
| 942 |
_2ddc _cEN _h881 _mDAV |
||
| 999 |
_c201881 _d201881 |
||